[Event "AUTO-ADV-3534"]
[Site "http://www.queenalice.com/game.php?id=1394640"]
[Date "2015.11.17"]
[Round "1"]
[White "Trex"]
[Black "ajbsantos"]
[Result "1-0"]
[WhiteElo "2282"]
[BlackElo "1981"]

1. Nf3 Nf6 2. c4 g6 3. g3 Bg7 4. Bg2 O-O 5. O-O d6 6. Nc3 e5 7. d3 Nc6 8. a3 h6
9. Bd2 Be6 10. Rb1 a6 11. b4 Ne7 12. a4 Qd7 13. b5 a5 14. Ne1 Rab8 15. Nc2 Bh3
16. b6 Bxg2 17. Kxg2 c6 18. e3 d5 19. Qe2 dxc4 20. d4 exd4 21. Nxd4 Rbd8 22.
Qxc4 Ned5 23. Nxd5 Qxd5+ 24. Qxd5 Rxd5 25. Nb3 Ra8 26. Rfd1 Rad8 27. f3 Ne8 28.
Kf2 Bc3 29. Ke2 R8d6 30. Bxc3 1-0

[Event "AUTO-ADV-3534"]
[Site "http://www.queenalice.com/game.php?id=1394641"]
[Date "2015.11.17"]
[Round "1"]
[White "ajbsantos"]
[Black "Trex"]
[Result "0-1"]
[WhiteElo "2001"]
[BlackElo "2355"]

1. e4 d6 2. d4 Nf6 3. Nc3 g6 4. Nf3 Bg7 5. Be2 Nc6 6. O-O O-O 7. d5 Nb8 8. h3 c6
9. Re1 Qa5 10. Bg5 Bd7 11. a3 Na6 12. Qd2 Rfe8 13. Rad1 Rac8 14. Bf1 Qb6 15. e5
Nxd5 16. Nxd5 cxd5 17. c3 dxe5 18. Qxd5 Be6 19. Qd2 f6 20. Be3 Qa5 21. Qc1 Bb3
22. Rd2 Nc5 23. Be2 Qa4 24. Bd1 Ne6 25. Bxb3 Qxb3 26. Rd7 Rcd8 27. Red1 Rxd7 28.
Rxd7 Rd8 29. Rxd8+ Nxd8 30. Bxa7 b6 31. Bb8 Qc4 32. Qe3 Qc6 33. Ba7 b5 34. Bc5
Kf7 35. Bb4 Nb7 36. Ne1 e4 37. Nc2 e5 38. Qd2 f5 39. Ne3 Ke6 40. b3 f4 41. Nd1
Bf6 42. Qc2 Be7 43. Bxe7 Kxe7 44. c4 bxc4 45. Qxc4 Qxc4 46. bxc4 Kd6 47. Kf1 Kc5
48. Nb2 Kd4 0-1

[Event "AUTO-ADV-3534"]
[Site "http://www.queenalice.com/game.php?id=1394652"]
[Date "2015.11.17"]
[Round "1"]
[White "glaubergouveia"]
[Black "ajbsantos"]
[Result "0-1"]
[WhiteElo "1714"]
[BlackElo "1955"]

1. e4 e5 2. Nf3 Nc6 3. Bc4 Bc5 4. h4 d6 5. a3 Nf6 6. Ng5 O-O 7. Qf3 Bg4 8. Qg3
Nd4 9. Qc3 h6 10. Nh3 Nxe4 11. Qa5 Nxc2+ 12. Kf1 Nxf2 13. Nxf2 Qf6 14. Kg1 Bxf2+
15. Kf1 Be3# 0-1

[Event "AUTO-ADV-3534"]
[Site "http://www.queenalice.com/game.php?id=1394653"]
[Date "2015.11.17"]
[Round "1"]
[White "ajbsantos"]
[Black "glaubergouveia"]
[Result "1-0"]
[WhiteElo "1977"]
[BlackElo "1633"]

1. e4 e5 2. Nf3 Qf6 3. d3 Bc5 4. Nc3 h6 5. Be2 Qg6 6. O-O d6 7. Nd5 Bd7 8. Re1
Bb6 9. Be3 c6 10. Nxb6 axb6 11. Qd2 Bg4 12. Nh4 Qh5 13. Bxg4 Qxg4 14. Nf5 Qg6
15. Bxb6 Ra6 16. Bc7 Nd7 17. Bxd6 c5 18. Bc7 b6 19. Nd6+ Ke7 20. Nb5 Ngf6 21. a4
Qh5 22. h3 Nb8 23. a5 bxa5 24. Rxa5 Rxa5 25. Qxa5 Nc6 26. Bd6+ Ke6 27. Qc7 Ne8
28. Qxc6 Nf6 29. Nc7# 1-0

[Event "AUTO-ADV-3534"]
[Site "http://www.queenalice.com/game.php?id=1394658"]
[Date "2015.11.17"]
[Round "1"]
[White "Alcar"]
[Black "ajbsantos"]
[Result "0-1"]
[WhiteElo "1729"]
[BlackElo "1996"]

1. d4 Nf6 2. c4 g6 3. Nc3 Bg7 4. Nf3 O-O 5. Bf4 d6 6. d5 c6 7. e4 Ng4 8. h3 Ne5
9. Bxe5 dxe5 10. Be2 Nd7 11. O-O Nf6 12. dxc6 bxc6 13. Nxe5 Bb7 14. Qxd8 Rfxd8
15. Rad1 c5 16. Nd5 Nxd5 17. exd5 Bxe5 18. b3 Bc8 19. Rfe1 Bc3 20. Rf1 Bf5 21.
g4 Bd7 22. f4 e6 23. Bf3 Rab8 24. Kg2 a5 25. Rd3 Bd4 26. Be4 Bc8 27. f5 exf5 28.
gxf5 gxf5 29. Bxf5 Bxf5 30. Rxf5 Rb6 31. Rg3+ Rg6 32. Rxg6+ hxg6 33. Rf3 Kg7 34.
Rf1 Re8 35. Kf3 f5 36. h4 Re3+ 37. Kf4 Re4+ 38. Kg3 Be5+ 39. Kh3 Rg4 40. h5 Rg3+
41. Kh4 g5# 0-1

[Event "AUTO-ADV-3534"]
[Site "http://www.queenalice.com/game.php?id=1394659"]
[Date "2015.11.17"]
[Round "1"]
[White "ajbsantos"]
[Black "Alcar"]
[Result "1-0"]
[WhiteElo "1961"]
[BlackElo "1694"]

1. e4 Nc6 2. Nf3 e5 3. Bb5 Bd6 4. O-O a6 5. Ba4 b5 6. Bb3 h6 7. c3 Nf6 8. d3 O-O
9. Re1 Bc5 10. Nxe5 Nxe5 11. d4 Bxd4 12. cxd4 Ng6 13. e5 Nh7 14. Nc3 Bb7 15. Qg4
Bc8 16. Qxg6 d6 17. Bxh6 1-0

[Event "AUTO-ADV-3562"]
[Site "http://www.queenalice.com/game.php?id=1401913"]
[Date "2016.1.2"]
[Round "1"]
[White "ajbsantos"]
[Black "dbwright308"]
[Result "1-0"]
[WhiteElo "2012"]
[BlackElo "1887"]

1. e4 d5 2. exd5 Qxd5 3. Nc3 Qe6+ 4. Be2 Nc6 5. d4 Nb4 6. a3 Nd5 7. Bd2 Nxc3 8.
Bxc3 Bd7 9. Nf3 Bc6 10. O-O O-O-O 11. Qd2 Nh6 12. Bd3 Nf5 13. Rfe1 Qg6 14. Be4
Bxe4 15. Rxe4 c5 16. Rae1 cxd4 17. Nxd4 Qd6 18. Nf3 Qxd2 19. Nxd2 Nd6 20. R4e2
f6 21. Nb3 Nb5 22. Bb4 e5 23. Bxf8 Rhxf8 24. c3 Rd6 25. Kf1 Kc7 26. a4 Nxc3 27.
bxc3 Rd3 28. Nc5 Rf7 29. Nxd3 Kb6 30. Rb2+ Kc7 31. Reb1 Kc6 32. a5 a6 33. Rb6+
Kd5 34. Rxb7 Rxb7 35. Rxb7 Kc4 36. Rb6 Kxd3 37. Rxa6 Kxc3 38. Rb6 Kc4 39. a6 Kc5
40. Rb1 e4 41. a7 f5 42. a8=Q Kd4 43. Ke2 f4 44. Rb4+ Ke5 45. Qa5+ Kd6 46. Rb6+
Kc7 47. Qa7+ Kc8 48. Rb8# 1-0

[Event "AUTO-ADV-3562"]
[Site "http://www.queenalice.com/game.php?id=1401914"]
[Date "2016.1.2"]
[Round "1"]
[White "dbwright308"]
[Black "ajbsantos"]
[Result "0-1"]
[WhiteElo "1925"]
[BlackElo "1999"]

1. e4 c5 2. c3 Nf6 3. f3 Nc6 4. d4 cxd4 5. cxd4 d6 6. d5 Ne5 7. Bb5+ Bd7 8.
Bxd7+ Qxd7 9. Qc2 Rc8 10. Nc3 e6 11. Nge2 exd5 12. Qa4 Qxa4 13. Nxa4 Nd3+ 14.
Kd2 dxe4 15. Rf1 exf3 16. Kxd3 fxe2 17. Kxe2 Be7 18. Bg5 O-O 19. Rae1 Bd8 20.
Kd3 Ng4 21. Bxd8 Rcxd8 22. Re4 Ne5+ 23. Kd4 Rc8 24. Kd5 Rfd8 25. Rff4 Rc2 26. h4
Rxg2 27. Rf1 b5 28. Nc5 Rd2+ 29. Rd4 dxc5+ 30. Kxe5 cxd4 31. Rf4 Rxb2 32. Rxd4
Rxd4 33. Kxd4 f5 34. a3 Rc2 35. Kd3 Rc7 36. Kd4 a5 37. Ke5 b4 38. axb4 axb4 39.
Kxf5 b3 40. h5 b2 41. Kg5 b1=Q 42. h6 Qf1 43. hxg7 Rxg7+ 44. Kh6 Qh3# 0-1

[Event "AUTO-ADV-3562"]
[Site "http://www.queenalice.com/game.php?id=1401915"]
[Date "2016.1.2"]
[Round "1"]
[White "ajbsantos"]
[Black "renato"]
[Result "1-0"]
[WhiteElo "2023"]
[BlackElo "1801"]

1. e4 c5 2. Nf3 e6 3. d4 cxd4 4. Nxd4 Nc6 5. Nc3 Bb4 6. Nb5 a6 7. Nd6+ Bxd6 8.
Qxd6 Qe7 9. Bf4 Nf6 10. O-O-O O-O 11. f3 Qxd6 12. Bxd6 Re8 13. g4 b5 14. a3 Nd8
15. g5 Nh5 16. Be2 g6 17. f4 Nb7 18. Bc7 Ng7 19. h4 Nc5 20. Bf3 Ra7 21. Bd6 Nb7
22. h5 Nxd6 23. Rxd6 e5 24. Nd5 exf4 25. hxg6 fxg6 26. Nf6+ 1-0

[Event "AUTO-ADV-3562"]
[Site "http://www.queenalice.com/game.php?id=1401916"]
[Date "2016.1.2"]
[Round "1"]
[White "renato"]
[Black "ajbsantos"]
[Result "1/2-1/2"]
[WhiteElo "1812"]
[BlackElo "2030"]

1. e4 e5 2. Nf3 Nc6 3. Nc3 Nf6 4. d3 Bc5 5. h3 h6 6. Na4 Be7 7. Be3 d6 8. Be2
O-O 9. g4 Bd7 10. Nc3 a6 11. Qd2 Re8 12. a3 Bf8 13. Rg1 Nh7 14. h4 Be6 15. h5
Qd7 16. Nh2 Qe7 17. Nd5 Bxd5 18. exd5 Nd4 19. O-O-O Nxe2+ 20. Qxe2 e4 21. dxe4
Qxe4 22. Rd4 Qe7 23. Qd2 Ng5 24. Bxg5 Qxg5 25. f4 Qe7 26. Nf3 Qd7 27. g5 hxg5
28. fxg5 Qh3 29. Qg2 Qxg2 30. Rxg2 Re3 31. Rf4 Rae8 32. Kd2 c6 33. c4 cxd5 34.
cxd5 Rb3 35. Kc1 Ree3 36. Nd4 Rbd3 37. g6 fxg6 38. hxg6 Be7 39. Kb1 Rg3 40. Rxg3
Rxg3 41. Nf5 Rg1+ 42. Ka2 Bf8 43. Nh4 Be7 44. Nf5 Bf8 45. Nh4 Be7 46. Nf5
1/2-1/2

[Event "AUTO-ADV-3562"]
[Site "http://www.queenalice.com/game.php?id=1401917"]
[Date "2016.1.2"]
[Round "1"]
[White "ajbsantos"]
[Black "BOTAFOGONISSO"]
[Result "1-0"]
[WhiteElo "1979"]
[BlackElo "1830"]

1. e4 e5 2. Nf3 d6 3. d4 Nc6 4. Nc3 Bg4 5. Bb5 Bxf3 6. Qxf3 exd4 7. Ne2 Qd7 8.
O-O O-O-O 9. Nxd4 a6 10. Nxc6 bxc6 11. Bxa6+ Kb8 12. Qb3+ Ka7 13. Qb7# 1-0

[Event "AUTO-ADV-3562"]
[Site "http://www.queenalice.com/game.php?id=1401918"]
[Date "2016.1.2"]
[Round "1"]
[White "BOTAFOGONISSO"]
[Black "ajbsantos"]
[Result "0-1"]
[WhiteElo "1761"]
[BlackElo "1989"]

1. e4 c5 2. Bc4 e6 3. d3 d5 4. exd5 exd5 5. Bb5+ Nc6 6. Nf3 Qa5+ 7. Nc3 d4 8.
Qe2+ Be6 9. Bd2 dxc3 10. Bxc6+ bxc6 11. Bxc3 Qc7 12. O-O-O h6 13. d4 Be7 14.
dxc5 Nf6 15. Ne5 O-O 16. Bb4 Nd5 17. Qe1 Bf6 18. Ng6 Rfe8 19. c4 Nxb4 20. Qxb4
fxg6 21. Rhe1 Rab8 22. Qa4 Bxb2+ 23. Kc2 Bf5+ 24. Kd2 Rbd8# 0-1

[Event "AUTO-ADV-3562"]
[Site "http://www.queenalice.com/game.php?id=1439111"]
[Date "2016.9.2"]
[Round "2"]
[White "agilulfo"]
[Black "ajbsantos"]
[Result "1-0"]
[WhiteElo "2020"]
[BlackElo "2022"]

1. d4 Nf6 2. c4 g6 3. Nf3 d6 4. Nc3 Bg7 5. g3 O-O 6. Bg2 c6 7. O-O Nbd7 8. b4 e5
9. d5 c5 10. bxc5 dxc5 11. Bg5 Qe8 12. Nb5 Qd8 13. Bh3 a6 14. Nd6 Qc7 15. Bxf6
Bxf6 16. Ne4 Bg7 17. Bxd7 Bxd7 18. Rb1 b5 19. cxb5 axb5 20. Qc2 c4 21. Nc3 Rab8
22. Nd2 Rfd8 23. e4 1-0

[Event "AUTO-ADV-3562"]
[Site "http://www.queenalice.com/game.php?id=1439112"]
[Date "2016.9.2"]
[Round "2"]
[White "ajbsantos"]
[Black "agilulfo"]
[Result "0-1"]
[WhiteElo "2040"]
[BlackElo "1994"]

1. e4 c5 2. Nf3 d6 3. d4 cxd4 4. Nxd4 Nf6 5. Nc3 g6 6. Bc4 Bg7 7. O-O O-O 8. Re1
Nc6 9. Bg5 Qb6 10. Nxc6 bxc6 11. Bb3 e6 12. Qxd6 Ba6 13. Qf4 Nd7 14. Bh6 Bxh6
15. Qh4 Bg7 0-1